جگنو شہر / (Record no. 57224)

MARC details
000 -LEADER
fixed length control field 01959nam a22003137a 4500
005 - DATE AND TIME OF LATEST TRANSACTION
control field 20100826122442.0
008 - FIXED-LENGTH DATA ELEMENTS--GENERAL INFORMATION
fixed length control field 090109t xxu||||| |||| 00| 0urd d
010 ## - LCCN (DPL NO)
LC control number UR-7918 ,B-429120-124
020 ## - INTERNATIONAL STANDARD BOOK NUMBER
Terms of availability 100.00
International Standard Book Number 9788182238022
035 ## - SYSTEM CONTROL NUMBER
System control number U-6473 ,B-429120-124
037 ## - SOURCE OF ACQUISITION
Source of stock number/acquisition DBAD/PUB
040 ## - CATALOGING SOURCE
Original cataloging agency DPL
Language of cataloging urd
082 ## - DEWEY DECIMAL CLASSIFICATION NUMBER
Classification number ک
100 ## - MAIN ENTRY--PERSONAL NAME
9 (RLIN) 12785
Personal name محمد بشیر ما لیر کو ٹلو ی
245 ## - TITLE STATEMENT
Title جگنو شہر /
Remainder of title
Statement of responsibility, etc محمد بشیر ما لیر کو ٹلو ی
246 ## - VARYING FORM OF TITLE
Title proper/short title Jugnu Shehar
Remainder of title by Mohd Bashir Malerkotlvi
260 ## - PUBLICATION, DISTRIBUTION, ETC. (IMPRINT)
Place of publication, distribution, etc دہلی
Date of publication, distribution, etc 2011
Name of publisher, distributor, etc ایجوکیشنل پبلشنگ ہاؤس
270 ## - ADDRESS
Address 3108,Vakil Street, Kucha Pandit,Lal Kuan
City Delhi
Postal code 110006
Electronic mail address www.ephbooks.com
Telephone number 011-23216162
Fax number 0091-11-23211540
300 ## - PHYSICAL DESCRIPTION
Extent 100 ص
Dimensions 22 س م (Hb)
650 ## - SUBJECT ADDED ENTRY--TOPICAL TERM
9 (RLIN) 12786
700 ## - ADDED ENTRY--PERSONAL NAME
9 (RLIN) 34961
942 ## - ADDED ENTRY ELEMENTS (KOHA)
Source of classification or shelving scheme Dewey Decimal Classification
Item type Urdu Bks
Classification part ک
Call number suffix م ح م
Holdings
Withdrawn status Lost status Source of classification or shelving scheme Damaged status Not for loan Collection code Home library Current library Date acquired Cost, normal purchase price Total Checkouts Full call number Barcode Date last seen Copy number Cost, replacement price Koha item type Source of acquisition
    Dewey Decimal Classification     Fiction Central Library Central Library 09/11/2012 100.00 2 ک م ح م B-429120 09/06/2018 1 100.00 Urdu Bks KKPub./B.No./141,368/DPL/BPPD/EOI/2010-11/7/86/294dt.24.03.11/30.03.11
    Dewey Decimal Classification     Fiction D.B.Act.Division D.B.Act.Division 03/10/2011 100.00   ک م ح م U-6473 03/10/2011 1 100.00 Urdu Bks  
    Dewey Decimal Classification     Fiction Karol Bagh Karol Bagh 09/11/2012 100.00   ک م ح م B-429123 09/11/2012 1 100.00 Urdu Bks KKPub./B.No./141,368/DPL/BPPD/EOI/2010-11/7/86/294dt.24.03.11/30.03.11
    Dewey Decimal Classification     Fiction Mobile Library Mobile Library 09/11/2012 100.00   ک م ح م B-429121 09/11/2012 1 100.00 Urdu Bks KKPub./B.No./141,368/DPL/BPPD/EOI/2010-11/7/86/294dt.24.03.11/30.03.11
    Dewey Decimal Classification     Fiction Patel Nagar Patel Nagar 09/11/2012 100.00   ک م ح م B-429122 09/11/2012 1 100.00 Urdu Bks KKPub./B.No./141,368/DPL/BPPD/EOI/2010-11/7/86/294dt.24.03.11/30.03.11
    Dewey Decimal Classification     Fiction Yojana Vihar Yojana Vihar 09/11/2012 100.00   ک م ح م B-429124 09/11/2012 1 100.00 Urdu Bks KKPub./B.No./141,368/DPL/BPPD/EOI/2010-11/7/86/294dt.24.03.11/30.03.11

© Delhi Public Library
Hit Counter
free hit counter